Tiszatáj 2014/1
Elmentve itt :
| Dokumentumtípus: | Folyóirat |
|---|---|
| Megjelent: |
2014
|
| Sorozat: | Tiszatáj
68 No. 1 |
| Online Access: | http://tiszataj.bibl.u-szeged.hu/639 |
| LEADER | 00437nas a2200145 i 4500 | ||
|---|---|---|---|
| 001 | tisza639 | ||
| 005 | 20200415090740.0 | ||
| 008 | 160906s2014 hu o 0|| hun d | ||
| 022 | |a 0133-1167 | ||
| 040 | |a SZTE Tiszatáj Archívum |b hun | ||
| 041 | |a hun | ||
| 245 | 0 | 0 | |a Tiszatáj 2014/1 |h [elektronikus dokumentum] |
| 260 | |c 2014 | ||
| 490 | 0 | |a Tiszatáj |v 68 No. 1 | |
| 856 | 4 | 0 | |u http://tiszataj.bibl.u-szeged.hu/639/1/tiszataj_2014_001.pdf |z Dokumentum-elérés |